• 首页
  • 本馆介绍
  • 公告通知
  • 最新文献
  • 馆藏检索
  • 电子资源
  • 读者导购
  • 参考咨询
  • 我的图书馆
  • 登录
  • 详细信息显示
  • 放入我的书架
  • 预约/预借图书
  • 作者相关作品
  • 分类相关作品
  • 丛书相关作品
  • 出版社相关作品

书目信息

  • 表格格式
  • 工作单格式
  • 卡片格式
题名:
古典数学难题与伽罗瓦理论
    
 
作者: 徐诚浩 编著
分册:  
出版信息: 上海   复旦大学出版社  1986
页数: 155页
开本: 20cm
丛书名:
单 册:
中图分类: O11
科图分类:
主题词: 伽罗瓦理论 , 古典数学 , 古典数学
电子资源:
ISBN:
000 00701nam0 2200253 45
001 0186010802
005 20051209083921.96
010    @dCNY1.35
091    @a132.53.031
100    @a19900818d1986 em y0chiy0121 ea
101 0  @achi
102    @aCN@b310000
105    @ay z 000yy
200 10 @a古典数学难题与伽罗瓦理论@Agu dian shu xue nan ti yu ga luo wa li lun@f徐诚浩编著@Fxu cheng hao bian zhu
210    @a上海@c复旦大学出版社@d1986
215    @a155页@d20cm
606    @a伽罗瓦理论
606 0  @a古典数学
606    @a古典数学
690    @aO11
701  0 @a徐诚浩@Axu cheng hao@4编著
801  2 @aCN@bNLC@c20051209
801  0 @aCN@b深圳图书馆@c20040520
905    @f1@b170316@dO11@e16
    
    古典数学难题与伽罗瓦理论/徐诚浩编著.-上海:复旦大学出版社,1986
    155页;20cm
    
    
    ISBN :CNY1.35
    
●
相关链接 在E读中查询图书 在五车中查询图书 在当当中查询图书 在豆瓣中查询图书


正题名:古典数学难题与伽罗瓦理论     索取号:O11/16         预约/预借

序号 登录号 条形码 馆藏地/架位号 状态 备注
1 0170315   202166912   密集书库/ [索取号:O11/16] 在馆    
2 0170316   001233631   第三借阅区/ [索取号:O11/16] 在馆    
3 0170317   001233640   第二样本阅览室/ [索取号:O11/16] 在馆    
唐山师范学院图书馆 欢迎您!
大连网信软件有限公司© 版权所有